00415nam a2200145 a 4500020001800000082001500018100001500033245002400048260004500072300000900117500003500126505005800161650003400219700001600253 a0706918290 00a297.08 RAM aRam, Malik aHakeem Abdul Hameed aDelhi bVikas Pub House Pvt. Ltd. c1982 a312p aincludes index and biblioraphy2 apresented to Hakee Abdul Hameed on his 75th Birthday. aHakeem Abdul Hameed-Biography1 aMalik Ram,